Eastern Utah Libraries Catalog: Duchesne, Heber, Roosevelt, & Vernal

From the ground up : (Record no. 263563)

MARC details
000 -LEADER
fixed length control field 01540nam a22003734a 4500
001 - CONTROL NUMBER
control field ocm70174910
003 - CONTROL NUMBER IDENTIFIER
control field OCoLC
005 - DATE AND TIME OF LATEST TRANSACTION
control field 20200320181353.0
008 - FIXED-LENGTH DATA ELEMENTS--GENERAL INFORMATION
fixed length control field 060619s2006 utuabf b s001 0 eng
010 ## - LIBRARY OF CONGRESS CONTROL NUMBER
LC control number 2006020257
020 ## - INTERNATIONAL STANDARD BOOK NUMBER
International Standard Book Number 0874216397 (pbk. : alk. paper)
020 ## - INTERNATIONAL STANDARD BOOK NUMBER
Terms of availability 34.95
024 3# - OTHER STANDARD IDENTIFIER
Standard number or code 9780874216394
040 ## - CATALOGING SOURCE
Original cataloging agency DLC
Transcribing agency DLC
Modifying agency BAKER
-- C#P
-- WACOL
043 ## - GEOGRAPHIC AREA CODE
Geographic area code n-us-ut
049 ## - LOCAL HOLDINGS (OCLC)
Holding library WACL
050 00 - LIBRARY OF CONGRESS CALL NUMBER
Classification number TN24.U8
Item number F76 2006
082 00 - DEWEY DECIMAL CLASSIFICATION NUMBER
Classification number 338.209792
Edition number 22
092 ## - LOCALLY ASSIGNED DEWEY CALL NUMBER (OCLC)
Classification number 338.209
Item number Whi
245 00 - TITLE STATEMENT
Title From the ground up :
Remainder of title the history of mining in Utah /
Statement of responsibility, etc edited by Colleen Whitley ; foreword by Philip F. Notarianni.
260 ## - PUBLICATION, DISTRIBUTION, ETC. (IMPRINT)
Place of publication, distribution, etc Logan, UT :
Name of publisher, distributor, etc Utah State University Press,
Date of publication, distribution, etc c2006.
300 ## - PHYSICAL DESCRIPTION
Extent xiv, 506 p., [3] folded leaves of plates :
Other physical details ill., maps (some col.) ;
Dimensions 25 cm.
504 ## - BIBLIOGRAPHY, ETC. NOTE
Bibliography, etc Includes bibliographical references (p. 456-482) and index.
650 #0 - SUBJECT ADDED ENTRY--TOPICAL TERM
Topical term or geographic name as entry element Mines and mineral resources
Geographic subdivision Utah
General subdivision History.
9 (RLIN) 5834736
650 #0 - SUBJECT ADDED ENTRY--TOPICAL TERM
Topical term or geographic name as entry element Mining engineering
Geographic subdivision Utah
General subdivision History.
9 (RLIN) 5834737
700 1# - ADDED ENTRY--PERSONAL NAME
Personal name Whitley, Colleen,
Dates associated with a name 1940-
9 (RLIN) 44404
856 41 - ELECTRONIC LOCATION AND ACCESS
Materials specified Table of contents
Uniform Resource Identifier <a href="http://www.loc.gov/catdir/toc/ecip0615/2006020257.html">http://www.loc.gov/catdir/toc/ecip0615/2006020257.html</a>
856 42 - ELECTRONIC LOCATION AND ACCESS
Materials specified Publisher description
Uniform Resource Identifier <a href="http://www.loc.gov/catdir/enhancements/fy0667/2006020257-d.html">http://www.loc.gov/catdir/enhancements/fy0667/2006020257-d.html</a>
938 ## -
-- Baker & Taylor
-- BKTY
-- 34.95
-- 26.21
-- 0874216397
-- 0006890694
-- active
942 ## - ADDED ENTRY ELEMENTS (KOHA)
Koha item type BOOK
948 ## - LOCAL PROCESSING INFORMATION (OCLC); SERIES PART DESIGNATOR (RLIN)
Series part designator, SPT (RLIN) 09/25/2006
z (OCLC) Sirsi
994 ## -
-- 02
-- WACOL
996 ## -
-- 51699
-- 34301000529208
-- NF
-- bk
-- wcl
-- i
-- 7
-- 34.95
-- Utah State University Press
-- 338.209 Whi
-- 09/25/2006
-- 07/23/2018
-- 07/03/2018
Holdings
Withdrawn status Lost status Source of classification or shelving scheme Damaged status Not for loan Collection code Home library Current library Shelving location Date acquired Cost, normal purchase price Total Checkouts Total Renewals Full call number Barcode Date last seen Date checked out Cost, replacement price Price effective from Koha item type
    Dewey Decimal Classification     General NonFiction Wasatch County Library Wasatch County Library Second Floor 09/25/2006 34.95 8 1 338.209 Whi 34301000529208 03/03/2026 02/19/2021 34.95 03/20/2020 BOOK
This project was made possible through a grant from the Institute of Museum and Library Service administered by the Utah State Library Division.

Wasatch County Library

  • 465 East 1200 South, Heber City, Utah 84032
  • Phone 435-654-1511 | Fax 435-654-6456

Hours

  • Monday - Friday 9:30 AM - 8:00 PM
  • Saturday 9:30 AM - 1:30 PM
  • Closed Sundays and Holidays